000
00302nam a22001337a 4500
008
180922b xxu||||| |||| 00| 0 eng d
020
_a
9780323074612
041
_a
eng
080
_a
610.73
100
_a
2
101
_a
INF
245
_a
Priorities in Critical Nursing
_c
Urden, L.D
942
_2
udc
_c
BK
999
_c
48297
_d
48297